| 000 | 00351nam a2200133Ia 4500 | ||
|---|---|---|---|
| 008 | 240624s9999 xx 000 0 und d | ||
| 041 | _aeng | ||
| 082 | _a368.01 ATK | ||
| 100 | _aATKINSON M E | ||
| 245 | _aINTRODUCTION TO ACTUARIAL STUDIES | ||
| 260 |
_c2000 _aUK _bEdward Elgar Publishing |
||
| 300 | _axiv, : 172 : p. : cm. ; 25 | ||
| 365 |
_cERU _b20 |
||
| 999 |
_c11686 _d11686 |
||